00638nam a2200169 a 4500008004100000020001500041050001600056100002400072245004200096246003000138260004500168300002100213350000900234995008400243999001700327952012400344120416s0000 ||||||||||||||||| || u a0853341117 aTH 7518 Bar aBarton, John Joseph10aDomestic heating and hot water supply aa text and reference book aLondonbApplied Science Publishersc1970 axv, 310p. : ill. a0.00 D0.00FCBU-MAIN LIBRARY (Kitwe)H1I8.00UAVAILABLEZAnnex Low-Usage Collection  c40449d40449 00102lcc4070a001b001cAnnex Low-Usage Collection d2022-11-30l0oTH 7518 Barp019076r2022-11-30w2022-11-30y002